Textbook of Pharmacology for Nurses (Record no. 35637)
[ view plain ]
| 000 -LEADER | |
|---|---|
| fixed length control field | 00538nam a22001937a 4500 |
| 005 - DATE AND TIME OF LATEST TRANSACTION | |
| control field | 20240430092849.0 |
| 008 - FIXED-LENGTH DATA ELEMENTS--GENERAL INFORMATION | |
| fixed length control field | 240430b |||||||| |||| 00| 0 eng d |
| 020 ## - INTERNATIONAL STANDARD BOOK NUMBER | |
| ISBN | 8123908628 |
| 082 ## - DEWEY DECIMAL CLASSIFICATION NUMBER | |
| Classification number | 612 |
| Item number | GRO-T |
| 100 ## - MAIN ENTRY--AUTHOR | |
| Author Name | Grover J.K, Monica Malik |
| 245 ## - TITLE STATEMENT | |
| Title | Textbook of Pharmacology for Nurses |
| Statement of responsibility, etc. | Grover J.K, Monica Malik |
| 250 ## - EDITION STATEMENT | |
| Edition statement | 2nd ed. |
| 260 ## - PUBLICATION, DISTRIBUTION, ETC. | |
| Place of Publication | India ; |
| Name of publisher, distributor, etc. | Satish kumar; |
| Date of publication, distribution, etc. | 2010. |
| 300 ## - PHYSICAL DESCRIPTION | |
| Pages | xii,515p. |
| 500 ## - GENERAL NOTE | |
| General note | include index |
| 650 ## - SUBJECT ADDED ENTRY--TOPICAL TERM | |
| Subject / Department | Medical / Pharmacology |
| 700 ## - ADDED ENTRY--PERSONAL NAME | |
| Personal name | Monica Malik |
| 300 ## - PHYSICAL DESCRIPTION | |
| -- | ill; |
| -- | 21.5cm. |
| 952 ## - LOCATION AND ITEM INFORMATION (KOHA) | |
| -- | 0 |
| -- | 0 |
| 952 ## - LOCATION AND ITEM INFORMATION (KOHA) | |
| -- | 0 |
| -- | 0 |
| 952 ## - LOCATION AND ITEM INFORMATION (KOHA) | |
| -- | 0 |
| -- | 0 |
| 952 ## - LOCATION AND ITEM INFORMATION (KOHA) | |
| -- | 0 |
| -- | 0 |
| 952 ## - LOCATION AND ITEM INFORMATION (KOHA) | |
| -- | 0 |
| -- | 0 |
| 952 ## - LOCATION AND ITEM INFORMATION (KOHA) | |
| -- | 0 |
| -- | 0 |
| Lost status | Damaged status | Collection code | Permanent Location | Current Location | Shelving Location | Date acquired | Full Call Number | Accession No./Barcode | Date last seen | Copy number | item type | Koha item type |
|---|---|---|---|---|---|---|---|---|---|---|---|---|
| Medical | Superior Information Resource Center (SIRC) Superior University- Main Campus | Superior Information Resource Center (SIRC) Superior University- Main Campus | Pharmacology | 04/30/2024 | 612 GRO-T 2010 | 9854 | 04/30/2024 | 1 | BOOK | BOOK | ||
| Medical | Superior Information Resource Center (SIRC) Superior University- Main Campus | Superior Information Resource Center (SIRC) Superior University- Main Campus | Pharmacology | 04/30/2024 | 612 GRO-T 2010 | 9855 | 04/30/2024 | 2 | BOOK | BOOK | ||
| Medical | Superior Information Resource Center (SIRC) Superior University- Main Campus | Superior Information Resource Center (SIRC) Superior University- Main Campus | Pharmacology | 04/30/2024 | 612 GRO-T 2010 | 9857 | 04/30/2024 | 3 | BOOK | BOOK | ||
| Medical | Superior Information Resource Center (SIRC) Superior University- Main Campus | Superior Information Resource Center (SIRC) Superior University- Main Campus | Pharmacology | 04/30/2024 | 612 GRO-T 2010 | 9858 | 04/30/2024 | 4 | BOOK | BOOK | ||
| Medical | Superior Information Resource Center (SIRC) Superior University- Main Campus | Superior Information Resource Center (SIRC) Superior University- Main Campus | Pharmacology | 04/30/2024 | 612 GRO-T 2010 | 9859 | 10/01/2024 | 5 | BOOK | BOOK | ||
| Medical | Superior Information Resource Center (SIRC) Superior University- Main Campus | Superior Information Resource Center (SIRC) Superior University- Main Campus | Pharmacology | 04/30/2024 | 612 GRO-T 2010 | 9860 | 04/30/2024 | 6 | BOOK | BOOK |
